[Event "ROM-ch U10 Girls"]
[Site "Baile Felix"]
[Date "2017.02.07"]
[Round "7"]
[White "Nicoara, Iris Maria"]
[Black "Vasiu, Hannah"]
[Result "0-1"]
[WhiteElo "1187"]
[BlackElo "1077"]
[PlyCount "98"]
[EventDate "2017.02.02"]
[EventType "swiss"]
[EventRounds "9"]
[EventCountry "ROU"]
[SourceTitle "CBM 176 Extra"]
[Source "ChessBase"]
[SourceDate "2017.03.02"]
[SourceVersion "1"]
[SourceVersionDate "2017.03.02"]
[SourceQuality "1"]

1. e4 Nc6 2. Nc3 e5 3. Bc4 Nf6 4. Nf3 Nxe4 5. Nxe4 d5 6. Bd3 dxe4 7. Bxe4 Bg4 8. 0-0 Qd7 9. Qe1 Bxf3 10. Bxf3 Bd6 11. d3 Nd4 12. Qd1 0-0 13. Bxb7 Rab8 14. Be4 c6 15. Qh5 f5 16. Bf3 Nxc2 17. Rb1 Nd4 18. Qh3 Nxf3+ 19. Qxf3 Rbe8 20. Re1 c5 21. Qd5+ Qe6 22. Qxe6+ Rxe6 23. f3 Rd8 24. Bg5 Rd7 25. Rbd1 h6 26. Bh4 Bb8 27. f4 Kf7 28. fxe5 Rxe5 29. Kf2 g5 30. Rxe5 Bxe5 31. Re1 Kf6 32. Bxg5+ hxg5 33. Rd1 Bxb2 34. h3 c4 35. Ke3 cxd3 36. Rxd3 Rxd3+ 37. Kxd3 g4 38. hxg4 fxg4 39. Ke3 Kf5 40. g3 Ba3 41. Kf2 Bc5+ 42. Ke2 Ke4 43. a4 Bb6 44. Kf1 Kf3 45. Ke1 Kxg3 46. Kf1 Kh2 47. Ke2 g3 48. Kd3 g2 49. Kc4 g1Q 0-1

[Event "ROM-ch U10 Girls"]
[Site "Calimanesti Caciulata"]
[Date "2016.04.21"]
[Round "5"]
[White "Bira, Andrada Paraschiva"]
[Black "Vasiu, Hannah"]
[Result "1-0"]
[WhiteElo "1088"]
[BlackElo "1132"]
[PlyCount "93"]
[EventDate "2016.04.18"]
[EventType "swiss"]
[EventRounds "9"]
[EventCountry "ROU"]
[SourceTitle "CBM 172 Extra"]
[Source "ChessBase"]
[SourceDate "2016.06.21"]
[SourceVersion "1"]
[SourceVersionDate "2016.06.21"]
[SourceQuality "1"]

1. e4 Nc6 2. d4 d5 3. Nc3 dxe4 4. Nxe4 Qxd4 5. Qxd4 Nxd4 6. Bd3 Nf6 7. Be3 Nc6 8. 0-0-0 Bd7 9. Nf3 0-0-0 10. Neg5 Re8 11. Nxf7 Rg8 12. h3 e5 13. Bc4 Be6 14. Bxe6+ Rxe6 15. N3xe5 Bd6 16. Nxc6 bxc6 17. Ng5 Re7 18. Kb1 Kb7 19. Rhe1 h6 20. Nf3 Rge8 21. Bd4 Rxe1 22. Rxe1 Rxe1+ 23. Nxe1 c5 24. Bxf6 gxf6 25. Nf3 Kb6 26. Nd2 f5 27. Nc4+ Kc6 28. Nxd6 Kxd6 29. Kc1 c6 30. Kd2 Kd5 31. Ke3 Ke5 32. f4+ Kd5 33. g4 fxg4 34. hxg4 Ke6 35. g5 hxg5 36. fxg5 Kf5 37. Kd3 Kxg5 38. Kc4 Kf5 39. Kxc5 Ke6 40. Kxc6 Ke5 41. Kb7 Ke4 42. Kxa7 Ke3 43. b4 Kd2 44. b5 Kxc2 45. b6 Kb2 46. b7 Kxa2 47. b8Q 1-0

[Event "ROM-ch U10 Girls"]
[Site "Calimanesti Caciulata"]
[Date "2016.04.20"]
[Round "3"]
[White "Spiridon, Anisia"]
[Black "Vasiu, Hannah"]
[Result "1-0"]
[WhiteElo "1477"]
[BlackElo "1132"]
[PlyCount "135"]
[EventDate "2016.04.18"]
[EventType "swiss"]
[EventRounds "9"]
[EventCountry "ROU"]
[SourceTitle "CBM 172 Extra"]
[Source "ChessBase"]
[SourceDate "2016.06.21"]
[SourceVersion "1"]
[SourceVersionDate "2016.06.21"]
[SourceQuality "1"]

1. d4 Nf6 2. c4 e5 3. dxe5 Ng4 4. Bf4 Nc6 5. Nf3 Bc5 6. e3 0-0 7. h3 Nh6 8. Bd3 d6 9. exd6 Bxd6 10. Bxh6 gxh6 11. Qc2 Kg7 12. c5 Be7 13. a3 Rh8 14. 0-0 Be6 15. Rd1 Qd7 16. Kh2 Rad8 17. b4 Bf6 18. Nc3 b6 19. Bxh7 Qe7 20. Be4 Rxd1 21. Rxd1 Ne5 22. cxb6 cxb6 23. Bd5 Rd8 24. Bxe6 Nxf3+ 25. gxf3 Rxd1 26. Nxd1 Qxe6 27. Qd3 Qc6 28. f4 Qf3 29. Qf1 a5 30. Qg2+ Qxg2+ 31. Kxg2 axb4 32. axb4 b5 33. Kg3 Be7 34. Nc3 Bxb4 35. Nxb5 f5 36. Nd4 Kg6 37. Kg2 Bc5 38. Nc2 h5 39. f3 h4 40. e4 fxe4 41. fxe4 Kf6 42. Kf3 Ke6 43. Kg4 Be7 44. Nd4+ Kd6 45. Nf5+ Ke6 46. Nxe7 Kxe7 47. Kf5 Kf7 48. e5 Ke7 49. Ke4 Ke6 50. f5+ Ke7 51. Kd5 Kf7 52. e6+ Kf6 53. Ke4 Ke7 54. Kf4 Kd6 55. Kg4 Ke5 56. e7 Kf6 57. e8Q Kg7 58. Qe1 Kf6 59. Kxh4 Kxf5 60. Kg3 Kg5 61. Qe4 Kh5 62. Qf3+ Kh6 63. Qg4 Kh7 64. Qg5 Kh8 65. Kf4 Kh7 66. Kf5 Kh8 67. Kf6 Kh7 68. Qg7# 1-0